00764nam a22001937a 4500008004100000040005500041080002200096245011300118260004200231300001100273650001800284653002800302653001300330700002700343700002300370942001200393999001700405952014800422230615b |||||||| |||| 00| 0 eng d aNational Science LibrarycNational Science Library a621.39:519.87bM8 aMathematical modelling for information technology: bTelecommunication transmission, reception and security  aNew York: bJohn Wiley & Sons, c1988 a214p.  aMathematical  aInformation technology  aScience  aMoscardini, A O (Ed.)  aRobson, E H (Ed.)  2udccBK c43897d43897 00102udc4066213951987_M870966402aNSLbNSLcGF/Rk-13/C-2/R-5d1988-12-22l0o621.39:519.87 M8p169794r2023-06-15 00:00:00w1988-12-22yBK